000 00559nam a2200157Ia 4500
008 090124s9999 xx 000 0 und d
082 _b25829
245 _a सातै रुप चरीत्र भाग 1 ला
250 _a0
260 _b"किशोर प्रकाशन, अमरावती"
300 _a118
630 _a सातै रुप चरीत्र भाग 1 ला
700 _aपंजाबी माधवराज
730 _a सातै रुप चरीत्र भाग 1 ला
942 _cBOOK
999 _c93453
_d93453